<?xml version="1.0" encoding="UTF-8"?>
<marc:record xmlns:marc="http://www.loc.gov/MARC21/slim">
   <marc:leader>00000nam a2200000 a 4500</marc:leader>
   <marc:datafield ind1="1" ind2=" " tag="100">
      <marc:subfield code="a">goki</marc:subfield>
      <marc:subfield code="4">aut</marc:subfield>
      <marc:subfield code="e">Verfasser/-in</marc:subfield>
   </marc:datafield>
   <marc:datafield ind1=" " ind2=" " tag="653">
      <marc:subfield code="a">Legespiel</marc:subfield>
   </marc:datafield>
   <marc:datafield ind1=" " ind2=" " tag="653">
      <marc:subfield code="a">Farben</marc:subfield>
   </marc:datafield>
   <marc:datafield ind1=" " ind2=" " tag="653">
      <marc:subfield code="a">Aufgaben</marc:subfield>
   </marc:datafield>
   <marc:datafield ind1=" " ind2=" " tag="653">
      <marc:subfield code="a">Feinmotorik</marc:subfield>
   </marc:datafield>
   <marc:datafield ind1=" " ind2=" " tag="653">
      <marc:subfield code="a">Logisches Denken</marc:subfield>
   </marc:datafield>
   <marc:datafield ind1="0" ind2="0" tag="245">
      <marc:subfield code="a">Legespiel Schildkröte Rosy</marc:subfield>
   </marc:datafield>
   <marc:datafield ind1="0" ind2="0" tag="245">
      <marc:subfield code="c">goki</marc:subfield>
   </marc:datafield>
   <marc:datafield ind1=" " ind2="1" tag="264">
      <marc:subfield code="a">21514 Güster</marc:subfield>
      <marc:subfield code="b">Gollnest &amp; Kiesel GmbH &amp; Co. KG</marc:subfield>
      <marc:subfield code="c">2025</marc:subfield>
   </marc:datafield>
   <marc:datafield ind1="1" ind2=" " tag="520">
      <marc:subfield code="a">Mit diesem vielseitigen Legespiel trainieren Kinder ab 4 Jahren spielerisch ihr Farbverständnis, die Feinmotorik und das logische Denken. Drei Schwierigkeitsstufen sorgen für anhaltenden Spielspaß: • Einfach (Schildkrötenvorlage): Farbplättchen passend in die Schildkröte legen • Mittel (farbige Wabenvorlage): Farbmuster frei auf dem Tisch nachlegen • Schwierig (blaue Wabenvorlage): Nur nach Form-Vorlage farblich richtig kombinieren Ob allein oder gemeinsam – dieses Lernspiel fördert Konzentration, Kreativität und Kombinationsgabe!</marc:subfield>
   </marc:datafield>
</marc:record>
